banner koha

Galileu Galilei / (Registro n. 7450)

MARC details
000 -LÍDER
campo de controle de tamanho fixo 01640nam a2200229 a 4500
001 - NÚMERO DE CONTROLE
campo de controle BS0002391
003 - IDENTIFICADOR DO NÚMERO DE CONTROLE
campo de controle BR-BrBNA
005 - DATA E HORÁRIO DA ÚLTIMA TRANSAÇÃO
campo de controle 20230418192022.0
008 - CAMPO DE DADOS FIXOS--INFORMAÇÃO GERAL
campo de controle de tamanho fixo 230308b |||||||| |||| 00| 0 por d
040 ## - FONTE DA CATALOGAÇÃO
Instituição da catalogação original BR-BrBNA
Idioma da catalogação por
Instituição que transcreveu o registro Biblioteca Nacional de Agricultura
041 ## - CÓDIGO DE IDIOMA
Código do idioma do texto/trilha sonora ou título diferente por
072 ## - CÓDIGO DE CATEGORIA DE ASSUNTO
Código de Categoria de Assunto B60
090 ## - NÚMERO DE CHAMADA LOCAL
Número de chamada B60 BS0002391
100 1# - ENTRADA PRINCIPAL--NOME PESSOAL
Nome pessoal White, M.
245 1# - TÍTULO
Título Galileu Galilei /
260 3# - PUBLICAÇÃO, DISTRIBUIÇÃO, ETC.
Local de publicação, distribuição, etc. Rio de Janeiro, RJ:
Nome do editor, distribuidor, etc. Globo,
Data da publicação, distribuição, etc. 1991.
300 ## - DESCRIÇÃO FÍSICA
Extensão 64 p.
520 3# - NOTA DE RESUMO, ETC
Resumo, etc. Galileo Galilei (Galileu)foi um dos maiores desbravadores da ciência em todo o mundo. Além de pesquisar o sistema de funcionamento do universo, trabalhou com áreas muito diversas, realizando estudos sobre mecânica e movimento, com linguagem e luz. Tornou-se famoso em toda a Europa com a descoberta do pêndulo e com o desenvolvimento do telescópio. Galileu defendia apaixonadamente a verdade, adorando provar os erros e os absurdos contidos nas crenças de seu tempo. Atacou os seguidores de Aristóteles por declararem que a Terra mantinha uma posição fixa no espaço e que o sol girava em torno dela. Provou que o contrário era verdaderiro: a Terra giravava em torno do Sol. Por ousar contestar os líderes da Igreja nesta questão, Galileu, um homem já velho e frágil, foi intimado a comparecer diante da temida Inquisição em Roma, onde foi condenado por heresia. Este livro conta a história da luta de Galileu para que os fatos científicos fossem vistos separadamente das crenças religiosas. Seus métodos científicos são hoje aceitos e utilizados em todo o mundo.
650 ## - ASSUNTO--TERMO TÓPICO
Cabeçalho tópico ou nome geográfico Biografia
909 ## -
-- 202304
-- Sergio Santos
-- 56
-- Sergio Santos
942 ## - ELEMENTOS DE ENTRADA ADICIONADOS (KOHA)
Tipo de material Koha Livros
Exemplares
Situação do descarte Fonte da classificação ou esquema de arquivamento na estante Situação física Não pode ser emprestado Coleção Biblioteca de origem Biblioteca atual Total de empréstimos Número de telefone completo Código de barras Data de último acesso Número do exemplar Tipo de material Koha Situação das perdas Data de aquisição Fonte de aquisição Qualificador de local codificado Custo, preço normal de compra Número do inventário Custo, preço de reposição Preço efetivo de
  Classificação AGRIS     Acervo Cultural Espaço Ceres - QVT/MAPA Espaço Ceres - QVT/MAPA   B60 BS0002391 2023-436793 12/04/2023 01 Livros   2023-04-04 Doação B60        

BINAGRI

Telefone: (61)3218-2567/2388/3357/2097 - binagri@agro.gov.br

Ministério da Agricultura e Pecuária , Esplanada dos Ministérios, Bloco D, Anexo B, Brasília/DF, CEP: 70.043-900